Panorama de los derechos humanos

Saved in:
Bibliographic Details
Main Author: Hübner Gallo, Jorge Iván (autor)
Format: Book
Language:Spanish
Published: Santiago Andrés Bello 1973
Subjects:
Tags: Add Tag
No Tags, Be the first to tag this record!

MARC

LEADER 00000nam a2200000 a 4500
001 UCV3021
003 CL-VaPUC
008 930308e19730000CL |||||||||||||||||spa|d
082 0 4 |a 341.481  |b HUB  |2 21 
100 |a Hübner Gallo, Jorge Iván  |e autor  |9 381209 
245 1 0 |a Panorama de los derechos humanos 
300 |a 271 p 
942 |c BK 
945 |d 19930308 00:00:00  |a aalvarez 
260 |a Santiago  |b Andrés Bello  |c 1973 
650 0 |a Derechos humanos  |9 223025 
583 |a last modification  |c 19930308 00:00:00  |k Rodrigo Vera 
999 |c 210415  |d 210413 
952 |0 0  |1 0  |4 0  |6 341_481000000000000_HUB_1973  |7 0  |8 A  |9 186607  |a BIBDER  |b BIBDER  |d 2019-11-14  |i 2541661  |o 341.481 HUB 1973  |p 2541661  |r 2023-01-25  |w 2019-11-14  |y BK  |k DER 
952 |0 0  |1 0  |4 0  |6 341_481000000000000_HUB_1973  |7 0  |8 A  |9 186608  |a BIBDER  |b BIBDER  |d 2019-11-14  |i 300080K  |l 1  |o 341.481 HUB 1973  |p 300080K  |r 2023-01-25  |s 2022-03-17  |w 2019-11-14  |y BK  |k DER